Catálogo

Vista normal Vista MARC

Entrada Personal Name

Número de registros utilizados en: 1

001 - CONTROL NUMBER

  • control field: 13477

003 - CONTROL NUMBER IDENTIFIER

  • control field: DLC

005 - DATE AND TIME OF LATEST TRANSACTION

  • control field: 20221028122215.0

008 - FIXED-LENGTH DATA ELEMENTS

  • fixed length control field: 870324n| azannaabn |a aaa

010 ## - LIBRARY OF CONGRESS CONTROL NUMBER

  • LC control number: n 86036822

035 ## - SYSTEM CONTROL NUMBER

  • System control number: (OCoLC)oca01816524

040 ## - CATALOGING SOURCE

  • Original cataloging agency: DLC
  • Language of cataloging: spa
  • Description conventions: rda
  • Transcribing agency: Mx-PuUPA
  • Modifying agency: DLC
  • Modifying agency: OCoLC
  • Modifying agency: NjP
  • Modifying agency: ICU
  • Modifying agency: DLC
  • Modifying agency: Mx-PuUPA

100 1# - HEADING--PERSONAL NAME

  • Personal name: Castro Gutiérrez, Felipe,

370 ## - ASSOCIATED PLACE

  • Other associated place: Ciudad de México, México

372 ## - FIELD OF ACTIVITY

  • Field of activity: Nueva España--Relaciones étnicas
  • Field of activity: Nueva España--Condiciones sociales
  • Source of term: lcsh

373 ## - ASSOCIATED GROUP

  • Associated group: Universidad Nacional Autónoma de México. Instituto de Investigaciones Históricas
  • Source of term: naf

374 ## - OCCUPATION

  • Occupation: Historiador
  • Source of term: lcsh

374 ## - OCCUPATION

  • Occupation: Maestro en Historia
  • Source of term: lcsh

374 ## - OCCUPATION

  • Occupation: Doctor en Antropología
  • Source of term: lcsh

375 ## - GENDER

  • Gender: hombre

377 ## - ASSOCIATED LANGUAGE

  • Language code: spa

400 1# - SEE FROM TRACING--PERSONAL NAME

  • Personal name: Gutiérrez, Felipe Castro

400 1# - SEE FROM TRACING--PERSONAL NAME

  • Personal name: Castro, Felipe
  • Fuller form of name: (Castro Gutiérrez)

670 ## - SOURCE DATA FOUND

  • Source citation: His La extinción de la artesanía gremial, 1986:
  • Information found: t.p. (Felipe Castro Gutiérrez)

670 ## - SOURCE DATA FOUND

  • Source citation: His La rebelión de los indios y la paz de los españoles, 1996:
  • Information found: t.p. (Felipe Castro) front flap (Felipe Castro Gutiérrez)

670 ## - SOURCE DATA FOUND

  • Source citation: Historia social de la Real Casa de Moneda de México, 2012:
  • Information found: t.p. (Felipe Castro Gutiérrez) p. 4 of cover (member of the Inst. de Investigaciones Históricas of UNAM; interested in the ethnohistory and social history of New Spain)